Международный аэропорт Якутск (Запись № 3066933)

Подробности
000 -МАРКЕР
контрольное поле 01382nas1a22003011i 4500
001 - ИДЕНТИФИКАТОР ЗАПИСИ
контрольное поле RU\NLR\Per\696853
005 - ИДЕНТИФИКАТОР ВЕРСИИ
контрольное поле 20260408002850.0
035 ## - ДРУГИЕ СИСТЕМНЫЕ НОМЕРА
Идентификатор записи (NLR Aleph) 003157240
100 ## - ДАННЫЕ ОБЩЕЙ ОБРАБОТКИ
Данные общей обработки 20100803a20109999|||y0rusy50 ca
101 0# - ЯЗЫК РЕСУРСА
Язык текста, звукозаписи и т.д. русский
102 ## - СТРАНА ПУБЛИКАЦИИ ИЛИ ПРОИЗВОДСТВА
Страна публикации Российская Федерация
110 ## - ПОЛЕ КОДИРОВАННЫХ ДАННЫХ: ПРОДОЛЖАЮЩИЕСЯ РЕСУРСЫ
Кодированные данные продолжающегося ресурса ag|||||||||
200 1# - ЗАГЛАВИЕ И СВЕДЕНИЯ ОБ ОТВЕТСТВЕННОСТИ
Основное заглавие Международный аэропорт Якутск
Сведения, относящиеся к заглавию журнал
207 #0 - ОБЛАСТЬ СПЕЦИФИЧЕСКИХ СВЕДЕНИЙ: НУМЕРАЦИЯ ПРОДОЛЖАЮЩИХСЯ РЕСУРСОВ
Нумерация: даты и обозначения томов 2010, № 1 (март/апр.) -
210 ## - ПУБЛИКАЦИЯ, РАСПРОСТРАНЕНИЕ И ДР.
Место издания, распространения и т.д. Якутск
Имя издателя, распространителя и т. д. Анжелика Дружина
Дата издания, распространения и т.д. 2010 -
517 1# - ДРУГИЕ ВАРИАНТЫ ЗАГЛАВИЯ
Вариант заглавия Аэропорт Якутск
601 02 - НАИМЕНОВАНИЕ ОРГАНИЗАЦИИ КАК ПРЕДМЕТ
Начальный элемент ввода "Якутск", международный аэропорт
Формальный подзаголовок Периодические издания
Системный номер авторитетной/нормативной записи 2606516
Идентификатор авторитетной/нормативной записи RU\NLR\AUTH\661543074
686 1# - ИНДЕКСЫ ДРУГИХ КЛАССИФИКАЦИЙ
Индекс У37(2)510.3(2Р-6Я)я54
712 02 - НАИМЕНОВАНИЕ ОРГАНИЗАЦИИ - ВТОРИЧНАЯ ОТВЕТСТВЕННОСТЬ
Код отношения Прочие
Начальный элемент ввода "Якутск", международный аэропорт
Системный номер авторитетной/нормативной записи 830539
Идентификатор авторитетной/нормативной записи RU\NLR\AUTH\8810167347
852 ## - МЕСТОНАХОЖДЕНИЕ И ШИФР ХРАНЕНИЯ
Идентификатор организации NLR
Шифр хранения (Call Number) П23/7981
942 ## - ДОПОЛНИТЕЛЬНЫЕ ЭЛЕМЕНТЫ ЗАПИСИ (АБИС)
Тип экземпляра АБИС Журнал
980 ## - КОЛЛЕКЦИЯ
Название коллекции Русская периодика

Нет доступных экземпляров.